| 000 | 00749nam a2200229 u 4500 | ||
|---|---|---|---|
| 005 | 20221104063501.0 | ||
| 008 | 101130s2008 mx r 000 0 spa d | ||
| 020 | _a9706867120 (10 dígitos) | ||
| 020 | _a9789706867124 (13 dígitos) | ||
| 035 | _aUPN01000178839 | ||
| 049 | _aCG | ||
| 050 | 4 |
_aHF5549 _bB6.3 2008 |
|
| 100 | 1 | _aBohlander, George | |
| 245 | 1 | 0 |
_aAdministración de recursos humanos / _cGeorge Bohlander, Scott Snell ; tr. María Jesús Herrero Díaz. |
| 250 | _a14a ed. | ||
| 260 |
_aMéxico : _bCengage learning, _cc2008. |
||
| 300 |
_axxxi, 784 p. : _bil., figs. |
||
| 534 |
_pTraducción de: _tManaging human resources |
||
| 650 | 2 |
_aAdministración de personal _9487 |
|
| 700 | 1 |
_aSnell, Scott, _ecoaut. |
|
| 905 | _aLibro | ||
| 999 |
_c150942 _d150942 |
||